Linia kolejowa nr 273 - posterunki i przystanki - Statystyki

Ogólne statystyki
  • Ten quiz został rozwiązany 28 razy
  • Średni wynik to 30 z 91
Statystyki odpowiedzi
Rodzaj punktu Linie
kolejowe
Nazwa punktu % Poprawnych
Stacja 132, 271273, 276 285, 763 Wrocław Główny
100%
Stacja 273, 351406, 408 433 Szczecin Główny
87%
Stacja 273 Bytom Odrzański
83%
Stacja 14, 273 Głogów
83%
Stacja 273, 370 Zielona Góra Główna
83%
Stacja 273 Brzeg Dolny
78%
Stacja 273, 371 Nowa Sól
78%
Stacja 203, 273410, 828 Kostrzyn
74%
Przystanek osobowyi posterunek odgałęźny 273, 275757, 758 Wrocław Muchobór
74%
Stacja 273, 419 Gryfino
70%
Stacja 273, 362 Ścinawa
70%
Stacja 273 Wołów
70%
Przystanek osobowy 273 Wrocław Stadion
65%
Stacja 273 Chojna
61%
Stacja 273, 349 Wrocław Kuźniki
61%
Stacja 273 Wrocław Pracze
61%
Stacja 273 Szczecin Port Centralny
57%
Przystanek osobowy 273 Szczecin Port Centralny
57%
Posterunekodgałęźny 273, 855990 Szczecin Port Centralny SPA
57%
Posterunekodgałęźny 273, 854990, 993 Szczecin Port Centralny SPB
57%
Stacja 273 Brzezinka Średzka
52%
Przystanek osobowy 273 Głogów Huta
52%
Posterunekodgałęźny 271, 273753, 761 Grabiszyn
52%
Stacja 273, 358 Czerwieńsk
48%
Przystanek osobowyi posterunek odgałęźny 273 Księginice
48%
Stacja 273, 289 Rudna Gwizdanów
48%
Przystanek osobowy 273, 289 Rudna Miasto
48%
Przystanek osobowy 273 Zielona Góra Nowy Kisielin
48%
Przystanek osobowy 273 Zielona Góra Przylep
48%
Przystanek osobowy
i posterunek
odstępowy
273 Zielona Góra Stary Kisielin
48%
Przystanek osobowy
i posterunek
odgałęźny
273 Czerna
43%
Stacja 273 Dolna Odra
39%
Stacja 273, 821 Jerzmanice Lubuskie
39%
Stacja 273 Mieszkowice
39%
Przystanek osobowy 273 Szczecin Żydowce
39%
Stacja 273 Głogów Wróblin
35%
Stacja 273 Grębocice
35%
Stacja 273 Krzepów
35%
Stacja 273, 782 Małowice Wołowskie
35%
Stacja 273, 428853 Szczecin Podjuchy
35%
Przystanek osobowy 273 Czerna Mała
30%
Przystanek osobowy 273 Łososiowice
30%
Stacja 273 Niedoradz
30%
Przystanek osobowy 273 Szczecin Łasztownia
30%
Przystanek osobowyi posterunek odgałęźny 273 Chełmek Wołowski
26%
Stacja 273 Boleszkowice
22%
Przystanek osobowy 273 Bytnica
22%
Posterunekodgałęźny 273, 822 Drzeńsko
22%
Przystanek osobowy 273 Drzeńsko
22%
Przystanek osobowy 273 Orzeszków
22%
Stacja 273 Radnica
22%
Przystanek osobowy 273 Radziszewo
22%
Przystanek osobowy (zlikwidowany) 273 Szczecin Klucz
22%
Przystanek osobowy 273 Brzeg Głogowski
17%
Stacja 273 Budachów
17%
Przystanek osobowy 273 Czepino
17%
Posterunekodgałęźny 273, 436 Czerwieńsk Południe
17%
Stacja 273 Czerwieńsk Towarowy
17%
Stacja 273 Daleszewo
17%
Stacja 273, 411 Godków
17%
Przystanek osobowy 273 Górzyca
17%
Stacja 273 Krzywin Gryfiński
17%
Stacja 273 Ługi Górzyckie
17%
Przystanek osobowy 273 Nietkowice
17%
Stacja 273 Kowalów
13%
Stacja 273 Laski Lubuskie
13%
Stacja 273 Namyślin
13%
Przystanek osobowy 273 Pacholęta
13%
Przystanek osobowy 273 Pliszka
13%
Przystanek osobowy 273 Widuchowa
13%
Przystanek osobowy 273 Będów
9%
Przystanek osobowy 273 Bielin
9%
Przystanek osobowy
i posterunek
odgałęźny (zlikwidowane)
273, 414 Chyrzyno
9%
Posterunekodgałęźny 273 Chyrzyno
9%
Stacja 273 Gądków Wielki
9%
Posterunek odstępowy (zlikwidowany) 273 Krzydłowice
9%
Przystanek osobowy 273 Lisie Pole
9%
Przystanek osobowy 273 Radów
9%
Posterunek
odgałęźny
(zlikwidowany)
273, 821 Rzepinek
9%
Posterunekodgałęźny (zlikwidowany) 273, 362 Ścinawa Odra
9%
Posterunekodgałęźny (zlikwidowany) 273 Głogów Południe
4%
Mijanka(zlikwidowana) 273 Kiełcz
4%
Posterunek
odgałęźny
(zlikwidowany)
273 Nietkowice Most
4%
Mijanka (zlikwidowana) 273 Nowe Czarnowo
4%
Posterunek odstępowy (zlikwidowany) 273 Stara Rudna
4%
Stacja 273 Witnica Chojeńska
4%
Bocznica szlakowa 273 Zakłady Suchej DestylacjiDrewna Gryfino
4%
Mijanka (zlikwidowana) 273 Drawica
0%
Bocznica szlakowa(zlikwidowana) 273 Fabryka Maszyn Głogów
0%
Mijanka (zlikwidowana) 273 Mierczany
0%
Posterunek
odgałęźny
(zlikwidowany)
273, 419 Tywa
0%
Nie znaleziono quizów pasujących do podanych kryteriów
Rozkład punktacji
Procent ludzi z każdym wynikiem
Percentyl według liczby udzielonych odpowiedzi
Twoja historia wyników
Nie rozwiązałeś tego quizu